| 000 | 00690nam a22001817a 4500 | ||
|---|---|---|---|
| 999 |
_c7580 _d7580 |
||
| 008 | 211220b ||||| |||| 00| 0 eng d | ||
| 040 | _aCDMR | ||
| 245 |
_aReporters et médias en ex-Yougoslavie _b/ [Ce rapport a été rédigé par Jean-Philippe Delalandre et Adam Novak] |
||
| 260 |
_a[Paris: _bOrganisation Internationale des Journalistes, _c1993] |
||
| 300 |
_a128 pàgines; _b25 cm |
||
| 490 |
_aLes cahiers de l'OIJ; _v2 |
||
| 500 | _aTextos en francès i en anglès | ||
| 650 | 0 |
_93584 _aGuerra Iugoslava, 1991-1995 |
|
| 700 |
_94788 _aDelalandre, Jean-Philippe |
||
| 700 |
_94789 _aNovak, Adam |
||
| 710 |
_94790 _aOrganisation Internationale des Journalistes |
||
| 942 |
_2udc _cMON |
||